It looks like you're offline.
Open Library logo
additional options menu

MARC Record from Scriblio

Record ID marc_records_scriblio_net/part01.dat:148432348:1025
Source Scriblio
Download Link /show-records/marc_records_scriblio_net/part01.dat:148432348:1025?format=raw

LEADER: 01025cam 22002411 4500
001 04011656
003 DLC
005 20050701185149.0
008 741009||||| xx 000 0 eng
010 $a 04011656
035 $a(OCoLC)1035774
040 $aDLC$cRUn$dDLC
042 $apremarc
050 00 $aN6919.T9$bR9
082 $a709.455
100 1 $aRuskin, John,$d1819-1900.
245 10 $aVal d'Arno;$bten lectures on the Tuscan art directly antecedent to the Florentine year of victories; given before the University of Oxford in Michaelmas term, 1873,$cby John Ruskin ... with an introduction by Charles Eliot Norton.
250 $aBrantwood ed.
260 $aNew York,$bC. E. Merrill & Co.; 1891.
300 $axiv p., 1 l., 256 p.$bfront., XII pl.$c20 cm.
505 0 $aNicholas the Pisan.--John the Pisan.--Shield and apron.--Parted per pale.--Pax vobiscum.--Marble couchant.--Marble rampant.--Franchise.--The Tyrrhene sea.--Fleur de lys.
650 0 $aArt$zItaly$zTuscany.
700 1 $aNorton, Charles Eliot,$d1827-1908.